| 000 | 01034nam a2200349 a 4500 | ||
|---|---|---|---|
| 003 | AR-BaBNM | ||
| 005 | 20251128205559.0 | ||
| 008 | 082120s2002 ||||||||||||||000 | spa|| | ||
| 020 | _a84-7738-243-3 | ||
| 040 | _cAR-BaBNM | ||
| 100 | 1 | _aLanga Laorga, María Alicia | |
| 245 | 0 | 0 | _aTradición y modernidad en la configuración social de Europa [1800-1850] |
| 260 |
_aMadrid _bSíntesis _c1994 |
||
| 300 |
_a155 p. _btablas, il., láms. |
||
| 490 | 0 |
_aHistoria Universal: Contemporánea _vv. 3 |
|
| 500 | _aCronología comparada de Europa p. 13-19 | ||
| 504 | _aBibliografía p. 153-155 | ||
| 650 | 4 | _aPENSAMIENTO OCCIDENTAL | |
| 650 | 4 | _aHISTORIA CONTEMPORANEA | |
| 650 | 4 | _aFILOSOFIA POLITICA | |
| 650 | 4 | _aSOCIOLOGIA POLITICA | |
| 650 | 4 | _aECONOMIA | |
| 650 | 4 | _aRACIONALISMO | |
| 650 | 4 | _aLIBERALISMO | |
| 650 | 4 | _aBURGUESIA | |
| 650 | 4 | _aSOCIEDAD | |
| 651 | 4 | _aEuropa | |
| 800 | 1 |
_aPlácido, Domingo _edirector |
|
| 800 | 1 |
_aHernández Sandoica, Elena _ecoordinador |
|
| 942 | _cBK | ||
| 998 | _cMariana | ||
| 999 |
_c11984 _d11984 |
||